[Event "Collado Villalba op-B 35th"]
[Site "Collado Villalba ESP"]
[Date "2018.08.26"]
[Round "3.11"]
[White "Bahillo Vallejo, Ignacio"]
[Black "Lizon Martinez, Santiago"]
[Result "1/2-1/2"]
[WhiteElo "1415"]
[BlackElo "1715"]
[PlyCount "53"]
[EventDate "2018.08.24"]
[EventType "swiss"]
[EventRounds "9"]
[EventCountry "ESP"]
[SourceTitle "Ajedrez en Madrid"]
[Source "lmi"]
[SourceDate "2018.08.24"]

1. b3 e5 2. Bb2 Nc6 3. c4 Nf6 4. Nc3 d5 5. cxd5 Nxd5 6. a3 Be7 7. e3 O-O 8. Nf3
a6 9. h3 Nb6 10. Be2 Be6 11. b4 f5 12. d3 Kh8 13. O-O Bf6 14. Qc2 Qe8 15. Rfe1
Qg6 16. Kh1 Qh6 17. Qd2 Rad8 18. e4 f4 19. Rac1 g5 20. Nh2 Nd4 21. Bd1 Qg6 22.
Nb1 Nc6 23. Qe2 Rd7 24. Qf3 Rfd8 25. Be2 Nc8 26. Nd2 Nb6 27. Red1 1/2-1/2

[Event "Collado Villalba op-B 35th"]
[Site "Collado Villalba ESP"]
[Date "2018.08.26"]
[Round "3.12"]
[White "Caravantes Camacho, Fernando"]
[Black "Herrero Corada, Jose Ignacio"]
[Result "0-1"]
[WhiteElo "1561"]
[BlackElo "1764"]
[PlyCount "50"]
[EventDate "2018.08.24"]
[EventType "swiss"]
[EventRounds "9"]
[EventCountry "ESP"]
[SourceTitle "Ajedrez en Madrid"]
[Source "lmi"]
[SourceDate "2018.08.24"]

1. Nf3 c6 2. c4 d5 3. e3 Nf6 4. b3 Bf5 5. Bb2 e6 6. Be2 Nbd7 7. O-O Be7 8. d4
Ne4 9. cxd5 exd5 10. Nc3 O-O 11. Rc1 Qa5 12. a3 Bxa3 13. Nxd5 Bxb2 14. Rb1 Qxd5
15. Rxb2 Nc3 16. Qd2 Nxe2+ 17. Qxe2 Bg4 18. Kh1 Rfe8 19. h3 Bxf3 20. gxf3 Re6
21. Rg1 Rg6 22. Rg3 Qe6 23. Kh2 Nb6 24. f4 Rxg3 25. fxg3 Re8 0-1

[Event "Collado Villalba op-B 35th"]
[Site "Collado Villalba ESP"]
[Date "2018.08.26"]
[Round "3.13"]
[White "Leniz Martinez, Francisco"]
[Black "Fernandez Garcia, Emiliano"]
[Result "1-0"]
[WhiteElo "1683"]
[BlackElo "1545"]
[PlyCount "98"]
[EventDate "2018.08.24"]
[EventType "swiss"]
[EventRounds "9"]
[EventCountry "ESP"]
[SourceTitle "Ajedrez en Madrid"]
[Source "lmi"]
[SourceDate "2018.08.24"]

1. Nf3 d5 2. d4 Nf6 3. Bf4 c5 4. e3 Nc6 5. c3 Qb6 6. Qc1 Bf5 7. Be2 e6 8. Nbd2
Be7 9. h3 h6 10. O-O O-O 11. g4 Bh7 12. a4 a6 13. Bd1 c4 14. Bc2 Bxc2 15. Qxc2
Bd8 16. e4 dxe4 17. Nxc4 Qa7 18. Nfd2 Be7 19. Nxe4 Nxe4 20. Qxe4 Rfd8 21. Rfd1
Rac8 22. Qe2 Bh4 23. a5 Nxd4 24. cxd4 Rxd4 25. Be3 Rxd1+ 26. Rxd1 Qb8 27. Nb6
Rd8 28. Qc2 Qe5 29. Rxd8+ Bxd8 30. Nc4 Qc7 31. Qd3 Qe7 32. b3 Bc7 33. Qd2 Qf6
34. Qd4 Qf3 35. Qd7 Qxh3 36. Qxc7 Qxg4+ 37. Qg3 Qd1+ 38. Kh2 Qh5+ 39. Kg2 Qd5+
40. Qf3 Qd3 41. Ne5 Qd5 42. Qxd5 exd5 43. Nd7 f5 44. Nc5 Kf7 45. Nxb7 Ke7 46.
Nc5 Kd6 47. Nxa6 Kc6 48. Nb4+ Kb7 49. a6+ Ka8 1-0

[Event "Collado Villalba op-B 35th"]
[Site "Collado Villalba ESP"]
[Date "2018.08.26"]
[Round "3.14"]
[White "Rodriguez Gomez, Jose"]
[Black "Pena Hernandez, Francisco"]
[Result "1-0"]
[WhiteElo "1534"]
[BlackElo "1622"]
[PlyCount "127"]
[EventDate "2018.08.24"]
[EventType "swiss"]
[EventRounds "9"]
[EventCountry "ESP"]
[SourceTitle "Ajedrez en Madrid"]
[Source "lmi"]
[SourceDate "2018.08.24"]

1. e4 c5 2. Nf3 Nc6 3. c4 d6 4. Be2 g6 5. Nc3 e6 6. d3 Bg7 7. O-O Nge7 8. Rb1
O-O 9. Bd2 a6 10. a3 Nd4 11. b4 Bd7 12. bxc5 dxc5 13. Rxb7 Bc6 14. Rb1 Qc7 15.
Nxd4 cxd4 16. Na2 a5 17. Qc1 Be5 18. g3 Rfb8 19. Qc2 Bd6 20. Rxb8+ Rxb8 21. Bc1
Qb6 22. Bd1 Qb1 23. f3 Qa1 24. c5 Bc7 25. Rf2 Rb1 26. Rd2 Bb5 27. a4 Bxa4 28.
Qxa4 Rxc1 29. Nxc1 Qxc1 30. Qc2 Qxc2 31. Rxc2 Nc6 32. Rc4 e5 33. Kf2 f6 34. Bb3
Kf8 35. h4 Ke7 36. Rc1 Nb4 37. Ke2 h6 38. g4 Nc6 39. Ba4 Nb4 40. Rh1 Na6 41. g5
h5 42. Rc1 fxg5 43. Bb5 Nb4 44. Rg1 Na2 45. Kd2 Nc3 46. Bc4 Na4 47. c6 Bd6 48.
Rxg5 Kf6 49. Kc2 Nc3 50. Rg1 a4 51. Ra1 g5 52. hxg5+ Kxg5 53. Bf7 h4 54. Rg1+
Kf4 55. Bh5 h3 56. Rg4+ Kxf3 57. Rg6+ Ke3 58. Rg3+ Kf4 59. Rxh3 a3 60. Rh1 Ke3
61. Bf7 Na4 62. Ba2 Nb2 63. Bd5 Na4 64. Rh6 1-0

[Event "Collado Villalba op-B 35th"]
[Site "Collado Villalba ESP"]
[Date "2018.08.26"]
[Round "3.15"]
[White "Rapaport, Andres Natalio"]
[Black "Mejias Gonzalez, Pedro"]
[Result "0-1"]
[WhiteElo "1277"]
[BlackElo "1593"]
[PlyCount "94"]
[EventDate "2018.08.24"]
[EventType "swiss"]
[EventRounds "9"]
[EventCountry "ESP"]
[SourceTitle "Ajedrez en Madrid"]
[Source "lmi"]
[SourceDate "2018.08.24"]

1. d4 d5 2. Bf4 Nf6 3. Nf3 c6 4. e3 Bg4 5. Nbd2 e6 6. Be2 Be7 7. h3 Bxf3 8.
Nxf3 Nbd7 9. O-O O-O 10. c3 Ne4 11. Bd3 f5 12. Ne5 Nxe5 13. Bxe5 Bd6 14. f3
Bxe5 15. fxe4 dxe4 16. dxe5 Qxd3 17. Qxd3 exd3 18. Rad1 Rad8 19. Rd2 Rd5 20.
Rfd1 Rfd8 21. c4 R5d7 22. Kf2 g5 23. Kf3 Kg7 24. g4 Kg6 25. gxf5+ Kxf5 26. e4+
Kxe5 27. Ke3 Rd4 28. Kf3 Rxc4 29. Rxd3 Rxd3+ 30. Rxd3 Rxe4 31. Rd7 Rh4 32. Rxb7
Rxh3+ 33. Kg4 Rh2 34. Kxg5 h5 35. a4 a5 36. Ra7 Rxb2 37. Rxa5+ Kd4 38. Kxh5 c5
39. Ra8 Ra2 40. Rd8+ Kc3 41. Re8 Rxa4 42. Rxe6 c4 43. Rc6 Kc2 44. Kg5 c3 45.
Kf5 Rd4 46. Ke5 Rd8 47. Ke4 Kd2 0-1

[Event "Collado Villalba op-B 35th"]
[Site "Collado Villalba ESP"]
[Date "2018.08.26"]
[Round "3.16"]
[White "Centeno Mendoza, Julio Stefano"]
[Black "Martinez Martinez, Antonio"]
[Result "1-0"]
[WhiteElo "1574"]
[BlackElo "1480"]
[PlyCount "87"]
[EventDate "2018.08.24"]
[EventType "swiss"]
[EventRounds "9"]
[EventCountry "ESP"]
[SourceTitle "Ajedrez en Madrid"]
[Source "lmi"]
[SourceDate "2018.08.24"]

1. e4 g6 2. d4 d6 3. Nf3 c6 4. Nc3 Bg7 5. Be3 Bg4 6. Be2 Bxf3 7. Bxf3 Qb6 8.
Qd2 Nf6 9. O-O Nbd7 10. e5 Ng8 11. exd6 exd6 12. Rfe1 O-O-O 13. a4 a5 14. Reb1
d5 15. Ne2 Bf8 16. c3 h5 17. b4 axb4 18. cxb4 Bh6 19. a5 Qa7 20. Bxh6 Nxh6 21.
b5 Nf6 22. bxc6 bxc6 23. Rb6 Qc7 24. Qc2 Rd6 25. Rc1 Re8 26. Rxc6 Rxc6 27. Qxc6
Qxc6 28. Rxc6+ Kd7 29. Rxf6 Ng4 30. Bxg4+ hxg4 31. Kf1 Rc8 32. Rxf7+ Ke6 33.
Rb7 Ra8 34. Rb6+ Kf5 35. a6 Ke4 36. Ke1 Kd3 37. Kd1 Rc8 38. a7 Ra8 39. Rb7 Ke4
40. Kd2 Kf5 41. Kd3 Ke6 42. Nc3 Kd6 43. Nb5+ Kc6 44. Rb8 1-0

[Event "Collado Villalba op-B 35th"]
[Site "Collado Villalba ESP"]
[Date "2018.08.26"]
[Round "3.19"]
[White "Andrade Sandoval, Marian"]
[Black "Criado Riesgo, Manuel"]
[Result "0-1"]
[WhiteElo "1234"]
[BlackElo "1665"]
[PlyCount "96"]
[EventDate "2018.08.24"]
[EventType "swiss"]
[EventRounds "9"]
[EventCountry "ESP"]
[SourceTitle "Ajedrez en Madrid"]
[Source "lmi"]
[SourceDate "2018.08.24"]

1. d4 d5 2. Bf4 Nf6 3. e3 Bg4 4. Be2 Bxe2 5. Qxe2 c6 6. c4 e6 7. a3 dxc4 8.
Qxc4 Bd6 9. Bxd6 Qxd6 10. Nf3 Nbd7 11. b4 O-O 12. O-O Ne4 13. Qd3 Ndf6 14. Ne5
Qc7 15. Nc3 Nxc3 16. Qxc3 Qd6 17. Rfe1 Rad8 18. Rad1 Nd7 19. Nxd7 Rxd7 20. Rc1
Rc8 21. Red1 Rcd8 22. Qc5 e5 23. Rc4 a6 24. Qxd6 Rxd6 25. Rcc1 exd4 26. exd4
Kf8 27. g3 Rxd4 28. Rxd4 Rxd4 29. Rc3 Rd7 30. Rc4 Re7 31. Rh4 h6 32. Rh5 Rd7
33. Ra5 Rd5 34. Rxd5 cxd5 35. Kf1 Ke7 36. Ke2 Ke6 37. Kd3 g5 38. f3 Ke5 39. f4+
gxf4 40. gxf4+ Kxf4 41. Kd4 f5 42. Kxd5 Ke3 43. a4 f4 44. Kc5 f3 45. b5 axb5
46. Kxb5 f2 47. a5 f1=Q+ 48. Kb6 Qa6+ 0-1

[Event "Collado Villalba op-B 35th"]
[Site "Collado Villalba ESP"]
[Date "2018.08.26"]
[Round "3.20"]
[White "Marret, Constantin Pierre"]
[Black "Andrade Espinoza, Jhamil"]
[Result "1-0"]
[WhiteElo "1565"]
[BlackElo "1221"]
[PlyCount "116"]
[EventDate "2018.08.24"]
[EventType "swiss"]
[EventRounds "9"]
[EventCountry "ESP"]
[SourceTitle "Ajedrez en Madrid"]
[Source "lmi"]
[SourceDate "2018.08.24"]

1. Nf3 d5 2. d4 Bf5 3. g3 Nf6 4. Bg2 e6 5. O-O Be7 6. Nbd2 h6 7. c4 c6 8. Qb3
b6 9. Re1 Nbd7 10. Ne5 Qc7 11. Nxd7 Qxd7 12. e3 O-O 13. Qd1 Rac8 14. b3 Bb4 15.
Bb2 Ne4 16. Bxe4 dxe4 17. a3 Be7 18. f3 exf3 19. Nxf3 Bg4 20. Ne5 Bxd1 21. Nxd7
Rfd8 22. Nxb6 axb6 23. Raxd1 Bf6 24. Ba1 Ra8 25. a4 Be7 26. e4 f6 27. Kg2 Kf7
28. Bc3 Ra7 29. Re3 g6 30. Red3 Rad7 31. d5 exd5 32. exd5 c5 33. Rf3 h5 34.
Rdf1 f5 35. h4 Bf6 36. Bxf6 Kxf6 37. Re3 Re7 38. Rxe7 Kxe7 39. Re1+ Kf7 40. Kf3
Rd6 41. Kf4 Kf6 42. Re5 Kf7 43. Kg5 Rf6 44. Re6 Rxe6 45. dxe6+ Kxe6 46. Kxg6
Ke5 47. Kg5 Ke6 48. Kxh5 Kf6 49. Kh6 f4 50. gxf4 Kf5 51. h5 Kf6 52. f5 Kf7 53.
Kg5 Kg7 54. f6+ Kh7 55. Kf5 Kg8 56. Ke6 Kf8 57. h6 Kg8 58. h7+ Kxh7 1-0

[Event "Collado Villalba op-B 35th"]
[Site "Collado Villalba ESP"]
[Date "2018.08.26"]
[Round "3.22"]
[White "Enriquez Pastor, Jorge"]
[Black "Ariza del Castillo, Pablo"]
[Result "0-1"]
[WhiteElo "1430"]
[BlackElo "1170"]
[PlyCount "80"]
[EventDate "2018.08.24"]
[EventType "swiss"]
[EventRounds "9"]
[EventCountry "ESP"]
[SourceTitle "Ajedrez en Madrid"]
[Source "lmi"]
[SourceDate "2018.08.24"]

1. e4 d6 2. d4 Nf6 3. Nc3 g6 4. Nf3 Bg7 5. Bd3 Nc6 6. h3 O-O 7. a3 b6 8. d5 Ne5
9. Nxe5 dxe5 10. O-O e6 11. dxe6 Bxe6 12. Bg5 c6 13. Re1 Qc7 14. Qf3 Nh5 15.
Ne2 f5 16. Bc1 f4 17. Nc3 Qc8 18. b3 Qe8 19. Be2 a5 20. a4 Nf6 21. Ba3 Rf7 22.
Bd6 Nd7 23. Qd3 h5 24. Rad1 Kh7 25. Nb1 Bf6 26. Qc3 Rc8 27. Ba6 Ra8 28. Bb7 Ra7
29. Bxc6 g5 30. Bd5 g4 31. hxg4 hxg4 32. Bxe6 Qxe6 33. Qd3 Rg7 34. Qd5 Qe8 35.
f3 gxf3 36. Kf2 fxg2 37. Ke2 Qh5+ 38. Kd2 f3 39. Rg1 f2 40. Rxg2 Rxg2 0-1

[Event "Collado Villalba op-B 35th"]
[Site "Collado Villalba ESP"]
[Date "2018.08.26"]
[Round "3.23"]
[White "Melcon Diez, Enrique"]
[Black "Orta Vazquez, Mario"]
[Result "1-0"]
[WhiteElo "1660"]
[BlackElo "1429"]
[PlyCount "64"]
[EventDate "2018.08.24"]
[EventType "swiss"]
[EventRounds "9"]
[EventCountry "ESP"]
[SourceTitle "Ajedrez en Madrid"]
[Source "lmi"]
[SourceDate "2018.08.24"]

1. c4 Nf6 2. Nc3 e6 3. e4 d6 4. d4 b6 5. Nf3 Be7 6. Bd3 Bb7 7. Qc2 Nbd7 8. e5
dxe5 9. dxe5 Ng4 10. Be4 Bxe4 11. Qxe4 f5 12. exf6 Ngxf6 13. Qxe6 Nc5 14. Qc6+
Nfd7 15. Ne5 O-O 16. Qd5+ Kh8 17. Nf7+ Rxf7 18. Qxf7 Ne5 19. Qd5 Ned3+ 20. Ke2
Bd6 21. Rd1 Qe7+ 22. Kf1 Rf8 23. Rxd3 Nxd3 24. Qxd3 Rd8 25. Qe2 Qf7 26. Be3 Re8
27. Rd1 Bxh2 28. Qd3 h5 29. b3 a6 30. Ne4 Bd6 31. Ng5 Qg8 32. Qg6 Re6 1-0

[Event "Collado Villalba op-B 35th"]
[Site "Collado Villalba ESP"]
[Date "2018.08.26"]
[Round "3.24"]
[White "Murillo Paz, Pedro"]
[Black "Criado Herrero, Luis"]
[Result "1/2-1/2"]
[WhiteElo "1428"]
[BlackElo "1488"]
[PlyCount "97"]
[EventDate "2018.08.24"]
[EventType "swiss"]
[EventRounds "9"]
[EventCountry "ESP"]
[SourceTitle "Ajedrez en Madrid"]
[Source "lmi"]
[SourceDate "2018.08.24"]

1. Nc3 Nf6 2. Nf3 e6 3. d3 Nc6 4. e4 d6 5. Be2 a6 6. O-O b6 7. Bf4 Bb7 8. e5
dxe5 9. Nxe5 Nxe5 10. Bxe5 Bd6 11. Bxd6 cxd6 12. Bf3 d5 13. Ne2 O-O 14. Ng3 Rc8
15. Qd2 Qe7 16. Rfe1 Rfd8 17. Qg5 h6 18. Qd2 Nh7 19. Qf4 Rxc2 20. Rac1 Rxc1 21.
Rxc1 Rc8 22. Rxc8+ Bxc8 23. Qe5 Ng5 24. Bxd5 Qc5 25. d4 Qxd5 26. Qc7 Qd7 27.
Qc3 Bb7 28. h4 Ne4 29. Nxe4 Bxe4 30. f3 Bd5 31. a3 Qb7 32. Kf2 Qc6 33. Qd2 b5
34. Qc3 Qd6 35. Qa5 h5 36. g3 Qc6 37. Qd8+ Kh7 38. Qa5 Qc2+ 39. Ke3 Qg2 40.
Qxa6 Qxf3+ 41. Kd2 Bc4 42. b4 Qe2+ 43. Kc1 Bb3 44. Qc6 Qe3+ 45. Kb2 Bc4 46. Qc5
Qb3+ 47. Kc1 Qxa3+ 48. Kd2 Qxg3 49. Qxh5+ 1/2-1/2

[Event "Collado Villalba op-B 35th"]
[Site "Collado Villalba ESP"]
[Date "2018.08.26"]
[Round "3.25"]
[White "Palacios Sanchez, Victor"]
[Black "Perez Rodrigo, Alicia"]
[Result "1-0"]
[WhiteElo "1449"]
[BlackElo "1351"]
[PlyCount "99"]
[EventDate "2018.08.24"]
[EventType "swiss"]
[EventRounds "9"]
[EventCountry "ESP"]
[SourceTitle "Ajedrez en Madrid"]
[Source "lmi"]
[SourceDate "2018.08.24"]

1. d4 Nf6 2. c4 e6 3. g3 d5 4. Bg2 c6 5. cxd5 cxd5 6. Nc3 Bb4 7. Bd2 O-O 8. Nf3
Nc6 9. a3 Be7 10. O-O a6 11. b4 b5 12. Rc1 Bb7 13. Bf4 Ne4 14. Nxe4 dxe4 15.
Ne5 Nxd4 16. Be3 Nf5 17. Qxd8 Rfxd8 18. Rc7 Bd6 19. Rxf7 Ne7 20. Bg5 Re8 21.
Rd1 Bd5 22. f4 h6 23. Bxe7 Bxe7 24. Rxe7 Rxe7 25. Rd4 Rc8 26. Bxe4 Bxe4 27.
Rxe4 Rc1+ 28. Kf2 Ra1 29. Re3 Rc7 30. Nd3 Kf7 31. Nc5 Rc6 32. Kf3 a5 33. Rd3
Rc7 34. Ke4 axb4 35. axb4 Rh1 36. h4 Kf6 37. Rd6 Rb1 38. Rxe6+ Kf7 39. Kf5 Re7
40. Rb6 Rxb4 41. e4 Rb1 42. e5 Rc7 43. Ne6 Rd7 44. Nc5 Re7 45. e6+ Kf8 46. Nd7+
Kg8 47. Rb8+ Kh7 48. Nf8+ Kg8 49. Ng6+ Kh7 50. Rh8# 1-0

[Event "Collado Villalba op-B 35th"]
[Site "Collado Villalba ESP"]
[Date "2018.08.26"]
[Round "3.26"]
[White "Ruiz Grau, David"]
[Black "Penas Merino, Ramona"]
[Result "0-1"]
[WhiteElo "1277"]
[BlackElo "1440"]
[PlyCount "96"]
[EventDate "2018.08.24"]
[EventType "swiss"]
[EventRounds "9"]
[EventCountry "ESP"]
[SourceTitle "Ajedrez en Madrid"]
[Source "lmi"]
[SourceDate "2018.08.24"]

1. d4 d5 2. Bf4 e6 3. e3 Bd6 4. Bg3 Nf6 5. Nd2 O-O 6. c4 Re8 7. c5 Bxg3 8. hxg3
Nbd7 9. Bd3 g6 10. f4 c6 11. g4 Nf8 12. Nh3 e5 13. Be2 exf4 14. Nxf4 Rxe3 15.
Nf1 Re8 16. Kd2 b6 17. b4 bxc5 18. dxc5 Ne4+ 19. Ke1 Nc3 20. Qc2 Nxe2 21. Nxe2
Bxg4 22. Nfg3 Qc7 23. Qd3 Qe5 24. Kf2 Qf6+ 25. Kg1 Qxa1+ 26. Kh2 Qe5 27. Nd4
Rac8 28. Nf3 Bxf3 29. Qxf3 Qe3 30. Qf1 Ne6 31. Qf6 Qh6+ 32. Kg1 Qg7 33. Qh4 Nd4
34. a4 Re1+ 35. Nf1 Rce8 36. b5 cxb5 37. axb5 Nxb5 38. c6 R1e5 39. g4 Re4 40.
Qg5 Qd4+ 41. Kg2 Rxg4+ 42. Qxg4 Qxg4+ 43. Ng3 f5 44. c7 Nxc7 45. Rf1 f4 46. Kh1
Qxg3 47. Rf2 Re1+ 48. Rf1 Rxf1# 0-1

[Event "Collado Villalba op-B 35th"]
[Site "Collado Villalba ESP"]
[Date "2018.08.27"]
[Round "4.1"]
[White "Gamboa Ondono, Jesus"]
[Black "Ballina Amandi, Casimiro"]
[Result "1/2-1/2"]
[WhiteElo "1749"]
[BlackElo "1781"]
[PlyCount "121"]
[EventDate "2018.08.24"]
[EventType "swiss"]
[EventRounds "9"]
[EventCountry "ESP"]
[SourceTitle "Ajedrez en Madrid"]
[Source "lmi"]
[SourceDate "2018.08.24"]

1. c4 c5 2. Nc3 d6 3. g3 Nf6 4. Bg2 Nc6 5. d3 g6 6. e4 Bg7 7. Nge2 O-O 8. O-O
a6 9. h3 Bd7 10. Be3 Ne8 11. f4 Nc7 12. g4 Rb8 13. Qd2 Nd4 14. Bf2 Nce6 15. Bh4
Nxe2+ 16. Qxe2 Nd4 17. Qd2 Bc6 18. Rae1 b5 19. Nd1 Qc7 20. Ne3 Qb7 21. f5 f6
22. b3 e5 23. fxe6 Nxe6 24. Nd5 Bxd5 25. exd5 Nd4 26. Bg3 Rbd8 27. Re4 f5 28.
Ree1 Qd7 29. Bh4 Rde8 30. Rxe8 Rxe8 31. Qg5 f4 32. Be4 Re5 33. Qd8+ Qxd8 34.
Bxd8 g5 35. h4 h6 36. hxg5 hxg5 37. Kf2 Re8 38. Bxg5 Be5 39. Rh1 a5 40. Rh7 Ra8
41. cxb5 Nxb5 42. Rb7 Nd4 43. a4 Rf8 44. Bh7+ Kh8 45. Bh6 Ra8 46. Bg6 Rc8 47.
Bf7 Ra8 48. Be6 Re8 49. Bf7 Ra8 50. Bg6 Rc8 51. g5 Nc2 52. Bf5 Re8 53. Rh7+ Kg8
54. g6 Nd4 55. Be6+ Nxe6 56. dxe6 Rxe6 57. Rf7 Rxg6 58. Rf8+ Kh7 59. Bxf4 Kg7
60. Rf5 Bxf4 61. Rxf4 1/2-1/2

[Event "Collado Villalba op-B 35th"]
[Site "Collado Villalba ESP"]
[Date "2018.08.27"]
[Round "4.2"]
[White "Tevar Sanz, Gonzalo"]
[Black "Suarez Paz, Alfonso"]
[Result "1/2-1/2"]
[WhiteElo "1757"]
[BlackElo "1842"]
[PlyCount "63"]
[EventDate "2018.08.24"]
[EventType "swiss"]
[EventRounds "9"]
[EventCountry "ESP"]
[SourceTitle "Ajedrez en Madrid"]
[Source "lmi"]
[SourceDate "2018.08.24"]

1. d4 Nf6 2. Bf4 d6 3. e3 g6 4. Nf3 Bg7 5. Be2 O-O 6. O-O Nbd7 7. c4 Nh5 8. Bg5
c5 9. Nc3 a6 10. Rc1 b6 11. Nd5 Nhf6 12. Nc3 Re8 13. Qd2 Nf8 14. d5 h6 15. Bh4
N8h7 16. h3 Bd7 17. Bd3 Rf8 18. e4 Nh5 19. g4 N5f6 20. Rfe1 Qc8 21. Nh2 e5 22.
f3 h5 23. Qg2 Kh8 24. Bf1 g5 25. Bf2 h4 26. Be3 Ng8 27. Bd3 f6 28. Nf1 Ne7 29.
Bd2 Qc7 30. Ne3 Rfb8 31. b3 Nf8 32. Ne2 1/2-1/2

[Event "Collado Villalba op-B 35th"]
[Site "Collado Villalba ESP"]
[Date "2018.08.27"]
[Round "4.3"]
[White "Tirado Parra, Alberto"]
[Black "Munoz Morato, Miguel"]
[Result "0-1"]
[WhiteElo "1837"]
[BlackElo "1708"]
[PlyCount "24"]
[EventDate "2018.08.24"]
[EventType "swiss"]
[EventRounds "9"]
[EventCountry "ESP"]
[SourceTitle "Ajedrez en Madrid"]
[Source "lmi"]
[SourceDate "2018.08.24"]

1. e4 e6 2. d3 d5 3. Nd2 Nf6 4. Ngf3 Be7 5. g3 O-O 6. Bg2 dxe4 7. dxe4 Nc6 8.
e5 Ng4 9. Qe2 Qd5 10. Nc4 Nd4 11. Ne3 Nxe3 12. Bxe3 Nxe2 0-1

[Event "Collado Villalba op-B 35th"]
[Site "Collado Villalba ESP"]
[Date "2018.08.27"]
[Round "4.4"]
[White "Fernandez Rios, Jose Francisco"]
[Black "Fernandez Estremera, Fernando"]
[Result "1/2-1/2"]
[WhiteElo "1729"]
[BlackElo "1830"]
[PlyCount "75"]
[EventDate "2018.08.24"]
[EventType "swiss"]
[EventRounds "9"]
[EventCountry "ESP"]
[SourceTitle "Ajedrez en Madrid"]
[Source "lmi"]
[SourceDate "2018.08.24"]

1. d4 d5 2. c4 dxc4 3. Nf3 Nf6 4. e3 Bg4 5. Bxc4 e6 6. O-O Nbd7 7. Nc3 Bb4 8.
Be2 O-O 9. a3 Bxc3 10. bxc3 c5 11. c4 Rc8 12. h3 Bh5 13. Bb2 Qb6 14. Rb1 Bg6
15. Bd3 Bxd3 16. Qxd3 Rfd8 17. d5 exd5 18. cxd5 Qc7 19. e4 c4 20. Qc3 Nc5 21.
e5 Nxd5 22. Qxc4 Nb6 23. Qg4 Ne6 24. a4 Qd7 25. a5 Nc4 26. Bc3 Ne3 27. fxe3
Rxc3 28. Qe4 Rc7 29. Rb2 Qd5 30. Qa4 Qc5 31. Qe4 Qd5 32. Qa4 Qd3 33. Kf2 Nc5
34. Qh4 Ne4+ 35. Kg1 Qxe3+ 36. Kh2 Qd3 37. Re1 Nc5 38. Rd2 1/2-1/2

[Event "Collado Villalba op-B 35th"]
[Site "Collado Villalba ESP"]
[Date "2018.08.27"]
[Round "4.6"]
[White "Garcia Serrano, Jose Manuel"]
[Black "Palomares Cortez, Facundo Sebast"]
[Result "1-0"]
[WhiteElo "1908"]
[BlackElo "1486"]
[PlyCount "51"]
[EventDate "2018.08.24"]
[EventType "swiss"]
[EventRounds "9"]
[EventCountry "ESP"]
[SourceTitle "Ajedrez en Madrid"]
[Source "lmi"]
[SourceDate "2018.08.24"]

1. e4 c5 2. d4 cxd4 3. c3 dxc3 4. Nxc3 Nc6 5. Nf3 e6 6. Bc4 a6 7. O-O b5 8. Bb3
Bb7 9. Re1 Nge7 10. a4 b4 11. Nd5 Rc8 12. Be3 Nxd5 13. exd5 Na5 14. Bd4 Be7 15.
Bc2 Bxd5 16. Qd3 Bc4 17. Qe3 Qc7 18. Bxg7 Rg8 19. Qh6 Bf8 20. Bxf8 Rxf8 21. Ng5
Qf4 22. g3 Qd2 23. Rad1 Qxc2 24. Nxh7 Rh8 25. Nf6+ Ke7 26. Rxd7# 1-0

[Event "Collado Villalba op-B 35th"]
[Site "Collado Villalba ESP"]
[Date "2018.08.27"]
[Round "4.7"]
[White "Herrero Corada, Jose Ignacio"]
[Black "Centeno Mendoza, Julio Stefano"]
[Result "1-0"]
[WhiteElo "1764"]
[BlackElo "1574"]
[PlyCount "103"]
[EventDate "2018.08.24"]
[EventType "swiss"]
[EventRounds "9"]
[EventCountry "ESP"]
[SourceTitle "Ajedrez en Madrid"]
[Source "lmi"]
[SourceDate "2018.08.24"]

1. e4 e5 2. Nf3 Nc6 3. Bb5 a6 4. Bxc6 dxc6 5. O-O f6 6. d4 exd4 7. Nxd4 Bc5 8.
Qh5+ g6 9. Qxc5 Ne7 10. Be3 b6 11. Qc3 Qd7 12. Nd2 Bb7 13. Qb3 O-O-O 14. Qe6 c5
15. Qxd7+ Rxd7 16. N4f3 g5 17. e5 g4 18. Nh4 fxe5 19. Nc4 e4 20. Ne5 Rd5 21.
Nxg4 Rh5 22. g3 Kb8 23. Nf6 Re5 24. Nd7+ Ka7 25. Nxe5 Bc8 26. Rfd1 Kb7 27. a4
Nc6 28. Nxc6 Kxc6 29. Ng2 Bg4 30. Rd2 h5 31. Bg5 Rg8 32. Bh4 Re8 33. Ne3 Be6
34. Re1 a5 35. Ng2 Bf5 36. Rde2 Rd8 37. Bxd8 Kd7 38. Rd2+ Kc6 39. Nf4 Kb7 40.
Nxh5 Kc6 41. Nf6 Kb7 42. Nxe4 Kc8 43. Nc3 Bd7 44. Bh4 Bc6 45. Nb5 Kb7 46. Re7
Bxb5 47. axb5 Kb8 48. Rdd7 Kc8 49. Rxc7+ Kb8 50. Rh7 a4 51. Rcg7 a3 52. Rh8#
1-0

[Event "Collado Villalba op-B 35th"]
[Site "Collado Villalba ESP"]
[Date "2018.08.27"]
[Round "4.8"]
[White "Mejias Gonzalez, Pedro"]
[Black "Mataix Fernandez, Ricardo"]
[Result "0-1"]
[WhiteElo "1593"]
[BlackElo "1724"]
[PlyCount "82"]
[EventDate "2018.08.24"]
[EventType "swiss"]
[EventRounds "9"]
[EventCountry "ESP"]
[SourceTitle "Ajedrez en Madrid"]
[Source "lmi"]
[SourceDate "2018.08.24"]

1. e4 e6 2. d3 d5 3. Nd2 Nf6 4. Ngf3 c5 5. exd5 exd5 6. g3 Nc6 7. Bg2 Qe7+ 8.
Qe2 Qxe2+ 9. Kxe2 Bd6 10. Kd1 O-O 11. h3 Be6 12. Re1 Rad8 13. b3 h6 14. Bb2 Nd7
15. d4 Nb6 16. c3 Rfe8 17. Ne5 cxd4 18. cxd4 Bxe5 19. dxe5 Nb4 20. Bd4 Bf5 21.
Rh1 Rc8 22. g4 Bc2+ 23. Ke2 Nd7 24. f4 Bd3+ 25. Kf2 Nc2 26. Bxa7 Nxa1 27. Rxa1
b6 28. Bxd5 Rc7 29. f5 Rxa7 30. e6 fxe6 31. Bxe6+ Kh8 32. Nf3 Nf8 33. Nd4 Nxe6
34. Nxe6 Be4 35. Nf4 b5 36. Ng6+ Kg8 37. a4 Bd5 38. Rb1 Bf7 39. Nf4 bxa4 40.
bxa4 Rxa4 41. Rb7 Rxf4+ 0-1

[Event "Collado Villalba op-B 35th"]
[Site "Collado Villalba ESP"]
[Date "2018.08.27"]
[Round "4.9"]
[White "Lizon Martinez, Santiago"]
[Black "Dominguez Coig, Alvaro"]
[Result "1-0"]
[WhiteElo "1715"]
[BlackElo "1564"]
[PlyCount "99"]
[EventDate "2018.08.24"]
[EventType "swiss"]
[EventRounds "9"]
[EventCountry "ESP"]
[SourceTitle "Ajedrez en Madrid"]
[Source "lmi"]
[SourceDate "2018.08.24"]

1. e4 c5 2. Nf3 d6 3. d4 cxd4 4. Nxd4 Nf6 5. Nc3 a6 6. h3 e6 7. g4 b5 8. a3 Bb7
9. Bg2 Qc7 10. Qe2 Nc6 11. Be3 Be7 12. O-O O-O 13. g5 Nd7 14. h4 Nce5 15. f4
Nc4 16. Bc1 Qa5 17. Qf2 Rac8 18. Kh1 Bd8 19. Nce2 Bb6 20. Qg3 d5 21. e5 Ba7 22.
c3 Qc7 23. h5 Nc5 24. g6 h6 25. Qg4 Qe7 26. b3 Nb6 27. b4 Ncd7 28. gxf7+ Rxf7
29. Nxe6 Nf8 30. N6d4 Nc4 31. Kh2 Kh7 32. Ra2 g6 33. hxg6+ Nxg6 34. e6 Rf6 35.
f5 Bb8+ 36. Kg1 Nge5 37. Qh4 Rg8 38. Nf4 Rg4 39. Qh3 Qg7 40. Ng6 Bd6 41. Kh1
Nd3 42. Qxg4 Nxc1 43. Rxc1 Ne3 44. Qh3 Nc4 45. Re2 Be7 46. Rg1 Nd6 47. Nxe7
Qxe7 48. Bf3 Ne4 49. Bxe4 dxe4 50. Re3 1-0